000 00715nam a2200289Ia 4500
005 20260324140442.0
008 008 260324s9999 xx 000 0 eng d
020 _a9781315078687
037 _aEBOOK
040 _aCRL
040 _beng
040 _cCRL
041 _2eng
041 _aeng
084 _qCRL
100 _aArthur C. Danto; Saul Ostrow; Gregg Horowitz; Tom Huhn
_91204444
245 0 _aWake of Art
245 0 _bCriticism, Philosophy, and the Ends of Taste
260 _bTaylor and Francis
260 _c1998
365 _a
365 _b230
856 _uhttp://www.taylorfrancis.com/books/9781315078687
942 _cEBOOK
999 _c1806553
_d1806553